Verejné obstarávanie nie je len pre veľkých

Čo všetko musíte splniť, ak sa chcete zúčastniť verejného obstarávania. Zákon o verejnom obstarávaní č. 25/2006 Z. z. Posledná novelizácia, ktorej cieľom bolo zrýchlenie procesov obstarávania a zníženie administratívnej záťaže.

Gespeichert in:
Bibliographische Detailangaben
1. Verfasser: Kubeš, Marián
Weitere Verfasser: Líška, Juraj
Format: Buchkapitel
Sprache:Slowakisch
Schlagworte:
Tags: Tag hinzufügen
Keine Tags, Fügen Sie das erste Tag hinzu!

MARC

LEADER 00000naa a2200000 4500
001 0176451
005 20230912102346.9
041 0 |a slo 
044 |a SK 
245 1 0 |a Verejné obstarávanie nie je len pre veľkých  |c Marián Kubeš, Juraj Líška 
520 |a Čo všetko musíte splniť, ak sa chcete zúčastniť verejného obstarávania. Zákon o verejnom obstarávaní č. 25/2006 Z. z. Posledná novelizácia, ktorej cieľom bolo zrýchlenie procesov obstarávania a zníženie administratívnej záťaže. 
610 2 0 |a obstarávanie verejné 
610 2 0 |a súťaž hospodárska 
610 2 0 |a podmienky obchodné 
610 2 0 |a zmluvy 
610 2 0 |a legislatíva 
610 2 0 |a zákony 
610 2 0 |a novelizácia 
100 1 |a Kubeš, Marián 
700 1 |a Líška, Juraj